Into the woods (Record no. 75821)

MARC details
000 -LEADER
fixed length control field 00633cab a2200181 4500
001 - CONTROL NUMBER
control field L130836
008 - FIXED-LENGTH DATA ELEMENTS--GENERAL INFORMATION
fixed length control field 050905n2005 000 0 eng u
035 ## - SYSTEM CONTROL NUMBER
System control number (Sirsi) u130836
041 0# - LANGUAGE CODE
Language code of text/sound track or separate title eng
100 1# - MAIN ENTRY--PERSONAL NAME
Personal name McCloskey, Jarlath
245 00 - TITLE STATEMENT
Title Into the woods
260 ## - PUBLICATION, DISTRIBUTION, ETC.
Date of publication, distribution, etc. 2005
490 ## - SERIES STATEMENT
Series statement Taxation
Volume/sequential designation 155(4023) 1 September 2005, 611-613(3)
520 ## - SUMMARY, ETC.
Summary, etc. Discusses taxation in relation to woodlands. Examines what is covered by the definition of woodlands, tree-farming and coppicing. Contains relevant case law.
590 ## - LOCAL NOTE (RLIN)
Local note IKA130905
690 ## - LOCAL SUBJECT ADDED ENTRY--TOPICAL TERM (OCLC, RLIN)
Topical term or geographic name as entry element PROPERTY-RURAL AND NATURAL ASSETS-RURAL AND NATURAL ASSET TAXATION
942 ## - ADDED ENTRY ELEMENTS (KOHA)
Suppress in OPAC 0
Holdings
Withdrawn status Lost status Source of classification or shelving scheme Damaged status Not for loan Home library Current library Shelving location Date acquired Total Checkouts Full call number Barcode Date last seen Copy number Price effective from Koha item type
    Dewey Decimal Classification     London London Journal article 05/09/2005   L130836 130836-1001 06/08/2019 1 06/08/2019 Journal article